Investigations on the extraction and migration behavior of polycyclic aromatic hydrocarbons (PAHs) from cured rubber formulations containing carbon black as reinforcing agent (Record no. 61652)

MARC details
000 -LEADER
fixed length control field 00548nam a2200157Ia 4500
100 ## - MAIN ENTRY--AUTHOR NAME
Personal name Hamm
245 #0 - TITLE STATEMENT
Title Investigations on the extraction and migration behavior of polycyclic aromatic hydrocarbons (PAHs) from cured rubber formulations containing carbon black as reinforcing agent
260 ## - PUBLICATION, DISTRIBUTION, ETC. (IMPRINT)
Name of publisher Rubber Chemistry and Technology
Year of publication 2009
300 ## - PHYSICAL DESCRIPTION
Number of Pages 214-228
700 ## - ADDED ENTRY--PERSONAL NAME
Personal name Frey Thomas
700 ## - ADDED ENTRY--PERSONAL NAME
Personal name Nibubit Gilles
700 ## - ADDED ENTRY--PERSONAL NAME
Personal name Petiniot Nicole
700 ## - ADDED ENTRY--PERSONAL NAME
Personal name Weinard Rudolf
942 ## - ADDED ENTRY ELEMENTS (KOHA)
Koha item type Journals
100 ## - MAIN ENTRY--AUTHOR NAME
-- Stephen
Holdings
Withdrawn status Lost status Damaged status Not for loan Home library Current library Date acquired Serial Enumeration / chronology Koha item type
      Journals RRII Library RRII Library 01/01/2010 Volume 82, Issue 2 Journals